| Tag |
First Indicator |
Second Indicator |
Subfields |
| LEADER |
00000cam a2200000 a 4500 |
| 001 |
in00002404530 |
| 005 |
20151109101218.0 |
| 008 |
070516s2007 enka b 001 0 eng |
| 010 |
|
|
|a 2007297158
|
| 015 |
|
|
|a GBA679917
|2 bnb
|
| 016 |
7 |
|
|a 013557212
|2 Uk
|
| 020 |
|
|
|a 0199284288 (pbk.)
|
| 020 |
|
|
|a 9780199284283 (pbk.)
|
| 029 |
1 |
|
|a YDXCP
|b 100450400
|
| 029 |
1 |
|
|a NLGGC
|b 298889080
|
| 029 |
1 |
|
|a NZ1
|b 11024921
|
| 029 |
1 |
|
|a AU@
|b 000041334360
|
| 035 |
|
|
|a (OCoLC)ocm71541592
|
| 035 |
|
|
|a (OCoLC)71541592
|
| 040 |
|
|
|a UKM
|c UKM
|d DLC
|d BAKER
|d YDXCP
|d BWKUK
|d BTCTA
|d NLGGC
|d BWK
|d OCLCG
|d UtOrBLW
|
| 042 |
|
|
|a lccopycat
|
| 043 |
|
|
|a e------
|
| 049 |
|
|
|a TXAM
|
| 050 |
0 |
0 |
|a JN30
|b .P914 2007
|
| 082 |
0 |
4 |
|a 320.09409051
|2 22
|
| 084 |
|
|
|a 89.30
|2 bcl
|
| 245 |
0 |
0 |
|a European politics /
|c edited by [Colin] Hay and [Anand] Menon.
|
| 264 |
|
1 |
|a Oxford ;
|a New York :
|b Oxford University Press,
|c [2007]
|
| 264 |
|
4 |
|c ©2007
|
| 300 |
|
|
|a xxv, 464 pages :
|b illustrations ;
|c 25 cm.
|
| 336 |
|
|
|a text
|b txt
|2 rdacontent
|
| 337 |
|
|
|a unmediated
|b n
|2 rdamedia
|
| 338 |
|
|
|a volume
|b nc
|2 rdacarrier
|
| 504 |
|
|
|a Includes bibliographical references (pages [445]-456) and index.
|
| 610 |
2 |
0 |
|a European Union
|x Politics and government.
|
| 651 |
|
0 |
|a Europe
|x Politics and government
|y 21st century.
|
| 650 |
1 |
7 |
|a Politieke stelsels.
|2 gtt
|
| 651 |
|
7 |
|a Europa (geografie)
|2 gtt
|
| 700 |
1 |
|
|a Hay, Colin,
|d 1968-
|
| 700 |
1 |
|
|a Menon, Anand,
|d 1965-
|
| 856 |
4 |
2 |
|3 Contributor biographical information
|u http://www.loc.gov/catdir/enhancements/fy0737/2007297158-b.html
|t 0
|
| 856 |
4 |
1 |
|3 Table of contents only
|u http://www.loc.gov/catdir/enhancements/fy0737/2007297158-t.html
|t 0
|
| 938 |
|
|
|a YBP Library Services
|b YANK
|n 100450400
|
| 938 |
|
|
|a Blackwell Book Service UK
|b BBUK
|n L5746452
|c 22.99
|
| 938 |
|
|
|a Baker & Taylor
|b BKTY
|c 89.95
|d 89.95
|i 0199284288
|n 0007046001
|s active
|
| 938 |
|
|
|a Baker and Taylor
|b BTCP
|n 2007297158
|
| 994 |
|
|
|a C0
|b TXA
|
| 948 |
|
|
|a cataloged
|b h
|c 2008/9/1
|d c
|e jlanham
|f 2:14:19 pm
|
| 999 |
|
|
|a MARS
|
| 999 |
f |
f |
|s b5a1be18-e88b-31cf-bf3f-c0b796587e1e
|i 132e3053-d8f7-36aa-8ffd-90d7a90efc24
|t 0
|
| 952 |
f |
f |
|p ric
|a Texas A&M University
|b Rellis Campus
|c Joint Library Facility
|d Remote Storage
|t 0
|e JN30 .P914 2007
|h Library of Congress classification
|i unmediated -- volume
|m A14837333041
|
| 998 |
f |
f |
|a JN30 .P914 2007
|t 0
|l Remote Storage
|